Quiz « We are the champions » - Statistics

General Stats
  • This quiz has been taken 21 times
  • The average score is 24 of 44
Answer Stats
Lyrics Lyrics % Correct
Time after ____ time
95%
We are the _________ champions
89%
We are ___ champions the
89%
We are ___ _________ - my friends the champions
89%
’Cause __ are the champions of the world we
89%
__ are the champions we
89%
But committed no _____ crime
84%
And bad ________ mistakes
84%
__ ___ the champions we are
84%
I’ve made _ ___ a few
79%
I’ve paid my ____ dues
79%
__ ___ ___ champions - my friends we are the
79%
__ ____ for losers no time
68%
And on and on and __ on
68%
’Cause we are the _________ __ ___ _____ champions of the world
63%
And we’ll ____ __ fighting keep on
63%
And I ain’t gonna ____ lose
63%
Till ___ ____ the end
63%
__ ___ ___ _________ we are the champions
63%
__ ___ ___ _________ we are the champions
63%
And we’ll keep __ ________ on fighting
58%
____ the end till
58%
No time ___ ______ for losers
53%
No time for ______ losers
53%
I’ve done my ________ sentence
53%
And on and on ____ __ and on
47%
’Cause __ ___ ___ __________ __ ___ _____ we are the champions of the world
47%
But I’ve _____ _______ come through
42%
We are the champions - __ _______ my friends
37%
You brought me fame ____ _______ and fortune
32%
And everything that ____ ____ __ goes with it
32%
But it’s been __ ___ __ _____ no bed of roses
32%
And ____ ____ __ ________ we’ll keep on fighting
32%
I consider it a _________ before challenge
26%
The whole _____ ____ human race
26%
I’ve taken __ ____ my bows
26%
kicked in __ ____ my face
26%
No ________ ______ pleasure cruise
26%
I _____ ___ ___ thank you all
26%
____ ___ ____ till the end
26%
And my ________ _____ curtain calls
21%
I’ve had my _____ __ ____ share of sand
16%
And __ ____ to go on we mean
16%
And we mean __ __ __ to gon on
0%
No matching quizzes found
Score Distribution
Percent of People with Each Score
Percentile by Number Answered
Your Score History
You have not taken this quiz